Beste Bundesliga Torschützen Borussia Dortmund - Statistiken

Allgemein
  • Dieses Quiz wurde 2.222 mal gespielt
    29 seit der letzten Aktualisierung
  • Das Durchschnittsergebnis liegt bei 33 aus 64
Antwortstatistiken
Saison Nationalität Tore Spieler % Korrekt
2020/21 Norwegen 27 Erling Haaland
96%
2021/22 Norwegen 22 Erling Haaland
96%
2014/15 Gabun 16 Pierre-Emerick Aubameyang
96%
2015/16 Gabun 25 Pierre-Emerick Aubameyang
96%
2016/17 Gabun 31 Pierre-Emerick Aubameyang
96%
2017/18 Gabun 13 Pierre-Emerick Aubameyang
96%
2011/12 Polen 22 Robert Lewandowski
96%
2012/13 Polen 24 Robert Lewandowski
96%
2013/14 Polen 20 Robert Lewandowski
96%
2024/25 Guinea 21 Serhou Guirassy
93%
2025/26 Guinea 17 Serhou Guirassy
93%
2019/20 England 17 Jadon Sancho
85%
2022/23 Niederlande 9 Donyell Malen
81%
2023/24 Niederlande 13 Donyell Malen
81%
2002/03 Tschechien 13 Jan Koller
70%
2003/04 Tschechien 16 Jan Koller
70%
2004/05 Tschechien 15 Jan Koller
70%
2022/23 Deutschland 9 Julian Brandt
67%
2018/19 Spanien 18 Paco Alcácer
67%
2009/10 Paraguay 19 Lucas Barrios
63%
2010/11 Paraguay 16 Lucas Barrios
63%
2022/23 Elfenbeinküste 9 Sébastien Haller
63%
2006/07 Schweiz 16 Alexander Frei
56%
2008/09 Schweiz 12 Alexander Frei
56%
1984/85 Deutschland 8 Michael Zorc
52%
1987/88 Deutschland 13 Michael Zorc
52%
1989/90 Deutschland 10 Michael Zorc
52%
1994/95 Deutschland 15 Michael Zorc
52%
1995/96 Deutschland 15 Michael Zorc
52%
2001/02 Brasilien 18 Márcio Amoroso
48%
1991/92 Schweiz 20 Stéphane Chapuisat
48%
1992/93 Schweiz 15 Stéphane Chapuisat
48%
1993/94 Schweiz 17 Stéphane Chapuisat
48%
1996/97 Schweiz 13 Stéphane Chapuisat
48%
1997/98 Schweiz 14 Stéphane Chapuisat
48%
1998/99 Schweiz 8 Stéphane Chapuisat
48%
2007/08 Kroatien 13 Mladen Petrić
44%
1965/66 Deutschland 31 Lothar Emmerich
41%
1966/67 Deutschland 28 Lothar Emmerich
41%
1967/68 Deutschland 18 Lothar Emmerich
41%
1968/69 Deutschland 12 Lothar Emmerich
41%
1976/77 Deutschland 14 Manfred Burgsmüller
41%
1977/78 Deutschland 20 Manfred Burgsmüller
41%
1978/79 Deutschland 15 Manfred Burgsmüller
41%
1979/80 Deutschland 20 Manfred Burgsmüller
41%
1980/81 Deutschland 27 Manfred Burgsmüller
41%
1981/82 Deutschland 22 Manfred Burgsmüller
41%
1982/83 Deutschland 17 Manfred Burgsmüller
41%
1989/90 Deutschland 10 Andreas Möller
33%
2005/06 Polen 13 Euzebiusz Smolarek
33%
2003/04 Brasilien 16 Ewerthon
30%
1963/64 Deutschland 20 Friedhelm Konietzka
19%
1964/65 Deutschland 22 Friedhelm Konietzka
19%
1986/87 Deutschland 20 Norbert Dickel
19%
1988/89 Deutschland 12 Norbert Dickel
19%
1999/2000 Deutschland 7 Fredi Bobic
11%
2000/01 Deutschland 10 Fredi Bobic
11%
1985/86 Deutschland 14 Jürgen Wegmann
11%
1990/91 Deutschland 8 Michael Rummenigge
11%
1983/84 Türkei 9 Erdal Keser
4%
1983/84 Deutschland 9 Bernd Klotz
0%
1970/71 Deutschland 8 Dieter Weinkauff
0%
1971/72 Deutschland 11 Jürgen Schütz
0%
1969/70 Deutschland 20 Werner Weist
0%
Keine übereinstimmenden Quizze gefunden
Verteilung der Resultate
Anzahl Personen mit jedem Resultat
Perzentil nach korrekt beantworteten Fragen
Ihre Resultats-Entwicklung
Sie haben dieses Quiz seit der letzten Aktualisierung nicht gespielt